A originalidade da literatura portuguesa (Registo nº 1295)

Detalhes MARC
000 -Etiqueta do registo
Cabeçalho 00687cam a2200241 4500
005 - Identificador da versão
Campo de controlo 20240813121832.0
035 ## - Other System Control Numbers
System Control Number (bn)43917
System Control Number 43917
100 ## - Dados gerais de processamento
Dados gerais de processamento 19830901d1983 m y0pory5003 ba
102 ## - Pais de publicação ou produção
País de publicação Portugal
101 0# - Língua de publicação
Língua do texto, banda sonora, etc. Português
215 ## - Descrição física 
Indicação específica da natureza do documento e extensão da espécie 90, [3] p.
Dimensões 19 cm
200 1# - Titulo e menção de responsabilidade
Título próprio A originalidade da literatura portuguesa
Primeira menção de responsabilidade Jacinto do Prado Coelho
225 2# - Colecção 
Título próprio da colecção Biblioteca breve.
Nome de uma parte ou secção Série literatura
Indicação de volume 1
205 ## - Menção da edição
Menção da edição 2a ed
210 ## - Publicação, Distribuição, etc. 
Lugar da edição, distribuição, etc. Lisboa
Nome do editor, distribuidor, etc. Inst. de Cultura e Língua portuguesa
Data da publicação, distribuição, etc. 1983
675 ## - Classificação Decimal Universal (CDU)
Notação 869.0(091)
Edição med
Língua da edição por
700 #1 - Nome de autor-pessoa física (responsabilidade principal)
Número de registo de entrada de autoridade 0001823
Palavra de ordem Coelho
Outra parte do nome não tomada para palavra de ordem Jacinto do Prado
Datas 1920-1984
966 ## - Identificação da Biblioteca
Sigla NUMETECA
942 ## - Elementos de entrada adicionados (Koha)
Tipo de item no Koha Livro
Exemplares
Situação do levantamento Origin of item (home branch) (coded) Biblioteca de empréstimo Código de barras Cota Circulation type (not for loan) Tipo de documento Nota do exemplar Damaged status
  Biblioteca Escolar Eng. Nuno Mergulhão Biblioteca Escolar Eng. Nuno Mergulhão BENM3162 | 1983 8LP.09   Livro Sem mensagem